<?xml version="1.0" encoding="UTF-8"?>
<record
    xmlns:xsi="http://www.w3.org/2001/XMLSchema-instance"
    xsi:schemaLocation="http://www.loc.gov/MARC21/slim http://www.loc.gov/standards/marcxml/schema/MARC21slim.xsd"
    xmlns="http://www.loc.gov/MARC21/slim">

  <leader>02419nam a2200313uu 4500</leader>
  <controlfield tag="001">1433604</controlfield>
  <controlfield tag="005">20240605145642.0</controlfield>
  <controlfield tag="007">cr|||||||</controlfield>
  <controlfield tag="008">160217s2015                        spa  </controlfield>
  <datafield tag="035" ind1=" " ind2=" ">
    <subfield code="a">1433604</subfield>
  </datafield>
  <datafield tag="040" ind1=" " ind2=" ">
    <subfield code="c">comduadb</subfield>
  </datafield>
  <datafield tag="041" ind1=" " ind2=" ">
    <subfield code="a">spa</subfield>
  </datafield>
  <datafield tag="080" ind1=" " ind2=" ">
    <subfield code="a">B/</subfield>
  </datafield>
  <datafield tag="100" ind1="1" ind2="0">
    <subfield code="a">Maya Zapata, Cleidy Tatiana</subfield>
    <subfield code="4">aut</subfield>
    <subfield code="e">aut</subfield>
    <subfield code="9">725517</subfield>
  </datafield>
  <datafield tag="245" ind1="1" ind2="3">
    <subfield code="a">La autonom&#xED;a docente en el marco de la gesti&#xF3;n t&#xE9;cnico instrumental del sistema educativo en las instituciones educativas del municipio de Zaragoza Antioquia</subfield>
  </datafield>
  <datafield tag="260" ind1=" " ind2=" ">
    <subfield code="a">Caucasia (Antioquia, Colombia) :</subfield>
    <subfield code="b">Autor(a),</subfield>
    <subfield code="c">2015.</subfield>
  </datafield>
  <datafield tag="300" ind1=" " ind2=" ">
    <subfield code="a">96 p&#xE1;ginas</subfield>
  </datafield>
  <datafield tag="520" ind1="3" ind2=" ">
    <subfield code="a">La presente investigaci&#xF3;n tiene como objetivo analizar la incidencia que tiene la
 inserci&#xF3;n del Modelo de Gesti&#xF3;n T&#xE9;cnico Instrumental del Sistema Educativo, en el
 desarrollo de la autonom&#xED;a docente en los procesos de ense&#xF1;anza, a trav&#xE9;s de un estudio
 enmarcado en el paradigma de la investigaci&#xF3;n cualitativa con dise&#xF1;o hermen&#xE9;utico,
 teniendo en cuenta la mirada critico social que desde esta postura epistemol&#xF3;gica se le da a
 algunos aspectos como la naturaleza del conocimiento, la realidad, las relaciones entre el
 investigador y el conocimiento que genera y el modo en que construye o desarrolla
 conocimiento el investigador. Se plantea adem&#xE1;s un marco referencial que da cuenta de las
 transformaciones que han desencadenado la modernidad y el proceso de globalizaci&#xF3;n
 como periodos cr&#xED;ticos en la educaci&#xF3;n con la inserci&#xF3;n desproporcionada de una serie de
 discursos t&#xE9;cnico instrumentales que han desdibujado el sentido humanizador, social,
 democr&#xE1;tico y participativo que desde sus inicios tuvo la escuela, logrando con ello
 transformar la visi&#xF3;n pedag&#xF3;gica y formativa de aspectos claves como la evaluaci&#xF3;n, el
 curr&#xED;culo y el rol del maestro, convirtiendo este &#xFA;ltimo en un t&#xE9;cnico reproductor de
 programas y estrategias pensadas y planificadas por entes externos a su realidad y contexto
 inmediato</subfield>
  </datafield>
  <datafield tag="650" ind1=" " ind2="7">
    <subfield code="a">Globalizaci&#xF3;n</subfield>
    <subfield code="2">lemb</subfield>
    <subfield code="9">15458</subfield>
  </datafield>
  <datafield tag="650" ind1=" " ind2=" ">
    <subfield code="a">Sistema educativo</subfield>
    <subfield code="9">9304</subfield>
  </datafield>
  <datafield tag="650" ind1=" " ind2="7">
    <subfield code="a">Curr&#xED;culo</subfield>
    <subfield code="2"></subfield>
    <subfield code="9">2751</subfield>
  </datafield>
  <datafield tag="650" ind1=" " ind2=" ">
    <subfield code="a">Autonom&#xED;a del profesor</subfield>
    <subfield code="9">132730</subfield>
  </datafield>
  <datafield tag="700" ind1="1" ind2="0">
    <subfield code="a">Vargas C&#xF3;rdoba, N&#xE9;stor Daniel</subfield>
    <subfield code="4">ths</subfield>
    <subfield code="e">ths</subfield>
  </datafield>
  <datafield tag="700" ind1=" " ind2="0">
    <subfield code="a">Palacio Baena, &#xC1;ngela In&#xE9;s</subfield>
    <subfield code="c">Mag&#xED;ster en Educaci&#xF3;n</subfield>
    <subfield code="4">ths</subfield>
    <subfield code="e">ths</subfield>
    <subfield code="9">254090</subfield>
  </datafield>
  <datafield tag="856" ind1="4" ind2=" ">
    <subfield code="u">http://bibliotecadigital.udea.edu.co/handle/10495/6471</subfield>
  </datafield>
  <datafield tag="942" ind1=" " ind2=" ">
    <subfield code="c">TESIS</subfield>
    <subfield code="n">0</subfield>
  </datafield>
  <datafield tag="999" ind1=" " ind2=" ">
    <subfield code="c">735138</subfield>
    <subfield code="d">735138</subfield>
  </datafield>
  <datafield tag="502" ind1=" " ind2=" ">
    <subfield code="b">153</subfield>
    <subfield code="c">15</subfield>
  </datafield>
  <datafield tag="526" ind1=" " ind2=" ">
    <subfield code="a">155</subfield>
  </datafield>
</record>
